MASTER STRATEGIST POWER PURPOSE AND PRIN (Record no. 22850)

MARC details
000 -LEADER
fixed length control field 00347nam a2200133Ia 4500
008 - FIXED-LENGTH DATA ELEMENTS--GENERAL INFORMATION
fixed length control field 240624s9999 xx 000 0 und d
041 ## - LANGUAGE CODE
Language code of text/sound track or separate title eng
082 ## - DEWEY DECIMAL CLASSIFICATION NUMBER
Classification number 658.4012 PAT
100 ## - MAIN ENTRY--PERSONAL NAME
Personal name PATEL KETAN J
245 ## - TITLE STATEMENT
Title MASTER STRATEGIST POWER PURPOSE AND PRIN
260 ## - PUBLICATION, DISTRIBUTION, ETC.
Date of publication, distribution, etc. 2005
Place of publication, distribution, etc. London
Name of publisher, distributor, etc. Hutchinson
300 ## - PHYSICAL DESCRIPTION
Extent xii, : 240 : p. : cm. ; 22
365 ## - TRADE PRICE
Currency code RS
Holdings
Withdrawn status Lost status Damaged status Not for loan Home library Current library Shelving location Date acquired Cost, normal purchase price Total Checkouts Full call number Barcode Date last seen Copy number Price effective from Koha item type
        IMTN IMTN Rack 28-B 07/08/2014 595.00   658.4012 PAT 22850 06/24/2024 1 06/24/2024 Books
Designed & Maintained by: LRC IMT Nagpur Contact: lrc@imtnag.ac.in© 2024. All Rights Reserved.